| 000 | 00000nam##2200000za#4500 |
| 001 | 9.575641 |
| 003 | CaOODSP |
| 005 | 20210624184748 |
| 007 | cr ||||||||||| |
| 008 | 150406|2008||||xxc|||||o f|0| 0 eng|d |
| 040 | |aCaOODSP|beng |
| 043 | |an-cn--- |
| 086 | 1 |aTU3-5/08-35E-PDF |
| 110 | 2 |aTransportation Safety Board of Canada. |
| 245 | 10|aRunway overrun - Northwestern Air Lease Limited British Aerospace Jetstream 3212 C-FNAE Fort Smith, Northwest Territories, 04 January 2008 |h[electronic resource] |
| 260 | |aGatineau - Quebec : |bTransportation Safety Board of Canada |c[2008]. |
| 300 | |a10p.|bfig., references |
| 490 | 1 |aAviation investigation report |vA08W0001 |
| 590 | |a13-02-Supp|b2013-01-11 |
| 775 | 08|tSortie en bout de piste du British Aerospace Jetstream 3212 C-FNAE exploité par Northwestern Air Lease Limited à Fort Smith (Territoires du Nord-Ouest), le 4 janvier 2008 |w(CaOODSP)9.605135 |
| 830 | #0|aAviation investigation report ;|vA08W0001|w(CaOODSP)9.504825 |
| 856 | 40|ahttp://publications.gc.ca|qPDF|s422 KB|uhttps://publications.gc.ca/collections/collection_2012/bst-tsb/TU3-5-08-35-eng.pdf|yA08W0001 |